000 00312nam a22001337a 4500
003 SGT
020 _a9789392787454
082 _a658.4,SHA
100 _aSHANKAR, TARA
245 _aAPPROCHES AND QUALITY PRACTICES IN MANAGEMENT SCIENCES
260 _aNEW DELHI
_bSSB
_c2022
300 _a150
942 _2ddc
_cBK
999 _c32158
_d32158